000 01274cam a22002655a 4500
001 L159474
008 130116s2017 xxkad f 000 0 eng d
020 _a9781907196546
035 _a(Sirsi) u159474
041 0 _aeng
050 0 4 _a690.24 $2 18
110 2 _aBuilding Cost Information Service
_91096
245 0 0 _aBCIS Occupancy cost report: hotels
_bMaintenance & operating costs
260 _aLondon
_bBCIS
_c2017
300 _a76p.
_c30cm.
490 0 _aBCIS Special Report
520 _aProvides current occupancy benchmarks for two different hotel buildings. It shows the projected annual occupancy costs for two projects, which should provide a strategic benchmark for similar buildings. The data is backed up with projected annual expenditure charts and detailed estimates for individual elements and components. This report shows how through the receipt of the Health and Safety file, which is required by the CDM Regulations, or following a condition survey on an existing building, a building manager can plan for future occupancy costs.
521 _aAdvanced
650 _aHOTELS
651 4 _aUnited Kingdom
_y
690 _aCommercial property
_96227
690 _aFacilities management
_96240
690 _aCost management
_96233
942 _n0
999 _c115934
_d115934